000 00587nam a2200181Ia 4500
003 GCL
008 140319s9999 xx 000 0 ara d
040 _aGCL /
_cGCL
082 0 4 _a920
_bأ ج
100 1 _aاحمد درويش
_vDistributor
_@
…وزع
245 1 0 _aجابر بن زيد: حياة من أجل العلم /
_cاحمد درويش
260 _a[S.N] :
_bالهيئة المصرية العامة للكتاب ،
_c1991
300 _a286 ص
490 _aاعلام العرب
_v0
650 0 4 _aالاسلام
650 0 4 _aجابر بن زيد
942 _2ddc
_cBK
999 _c27593
_d27593